Mot mystérieux - Série 50 - Statistiques

Statistiques générales
  • Ce quiz a été pris 69 fois
  • Le résultat moyen est 5 sur 10
Statistiques - réponses
Indices Mot % Correct
chiche - senteur - purée - maillot pois
87%
sec - grappe- table - figue raisin
87%
olive - bouteille - gris - billet vert
77%
buffle- piano - fauteuil - bave crapaud
60%
pollution - midi - dante - tomber pic
53%
cheveux - bois - bougie - vendre mèche
40%
mot - droit - armes - temps passe
28%
tailler - échalote - porte - flanchet bavette
25%
double - parler - rire - tousser gras
19%
pied - yeux - ventre - cochon biche
9%
Aucun quiz correspondant
Distribution des résultats
% des personnes avec chaque résultat
Percentile par nombre de réponses
Votre historique - résultats
Vous n’avez pas pris ce quiz